MARC details
| 000 -LEADER |
| campo de control de longitud fija |
01856nam a2200301 i 4500 |
| 001 - NÚMERO DE CONTROL |
| campo de control |
152429 |
| 003 - IDENTIFICADOR DE NÚMERO DE CONTROL |
| campo de control |
ES-MaACL |
| 005 - FECHA Y HORA DE LA ÚLTIMA TRANSACCIÓN |
| campo de control |
20230906204735.0 |
| 008 - DATOS DE LONGITUD FIJA--INFORMACIÓN GENERAL |
| campo de control de longitud fija |
050728s1681 gw f |||| | ita d |
| 040 ## - FUENTE DE CATALOGACIÓN |
| Centro catalogador/agencia de origen |
CAM |
| Lengua de catalogación |
spa |
| Centro/agencia transcriptor |
CAM |
| 100 1# - ENTRADA PRINCIPAL--NOMBRE DE PERSONA |
| Nombre de persona |
Arconati Lamberti, Giovanni Gerolamo ( |
| Fechas asociadas al nombre |
1645-1733) |
| 9 (RLIN) |
163363 |
| 245 13 - MENCIÓN DEL TÍTULO |
| Título |
La chiave del gabinetto / |
| Mención de responsabilidad, etc. |
del cavagliere Gioseppe Francesco Borri ... ; aggiuntavi una relazione esatta della sua vita. |
| 260 ## - PUBLICACIÓN, DISTRIBUCIÓN, ETC. |
| Lugar de publicación, distribución, etc. |
A Colonia : |
| Nombre del editor, distribuidor, etc. |
Appo Pietro del Martello, |
| Fecha de publicación, distribución, etc. |
1681. |
| 300 ## - DESCRIPCIÓN FÍSICA |
| Extensión |
2 pt. ([23] p., [1] en bl., 382, [1] p., [3] en bl. ; 255, [5] p. ; |
| Dimensiones |
14 cm. |
| 505 8# - NOTA DE CONTENIDO CON FORMATO |
| Nota de contenido con formato |
Contiene: ; |
| Título |
Breve relazione della vita del cavagliere Gioseppe Francesco Borri milanese, con port. propia, p. [333]-380, de la pt. 1 |
| 530 ## - NOTA DISPONIBLE DE FORMULARIO FÍSICO ADICIONAL |
| Nota de formato físico adicional disponible |
Disponible en formato digital. |
| 594 ## - Nota al título y mención de responsabilidad |
| Nota al título y mención de responsabilidad |
Obra atribuida a Giuseppe Francesco Borri; pero corresponde a Giovanni Girolamo Arconati Lamberti (cfr. DBI, v. 13, p. 12) |
| 594 ## - Nota al título y mención de responsabilidad |
| Nota al título y mención de responsabilidad |
Tít. de la pt. 2, con port. propia: Istruzioni politiche del cavagliere Gioseppe Francesco Borri milanese. Date al re' di Danimarca. |
| 596 ## - NOTA AL PIE DE IMPRENTA |
| NOTA AL PIE DE IMPRENTA |
Lugar y nombre de imp. falsos. Probable lugar de publ.: Ginevra (cfr. P. Bayle, Dictionnaire historique et critique, Amsterdam, 1730, v. 1, p. 616) |
| 596 ## - NOTA AL PIE DE IMPRENTA |
| NOTA AL PIE DE IMPRENTA |
Portadas con grabado xilográfico, posible marca tipográfica (esfera armilar) |
| 597 ## - NOTA DE DESCRIPCIÓN FÍSICA |
| NOTA DE DESCRIPCIÓN FÍSICA |
Sign.: ¶¹², A-Q¹² ; A-L10. |
| 700 1# - ENTRADA AGREGADA--NOMBRE PERSONAL |
| Nombre de persona |
Borri, Giuseppe Francesco. |
| 9 (RLIN) |
30605 |
| 700 1# - ENTRADA AGREGADA--NOMBRE PERSONAL |
| Nombre de persona |
Marteau, Pierre. |
| 9 (RLIN) |
129548 |
| 740 02 - ENTRADA AGREGADA--TÍTULO RELACIONADO/ANALÍTICO NO CONTROLADO |
| Título relacionado o analítico no controlado |
Breve relazione della vita del cavagliere Gioseppe Francesco Borri milanese. |
| 740 02 - ENTRADA AGREGADA--TÍTULO RELACIONADO/ANALÍTICO NO CONTROLADO |
| Título relacionado o analítico no controlado |
Istruzioni politiche del cavagliere Gioseppe Francesco Borri milanese. Date al re' di Danimarca. |
| 852 ## - LOCALIZACIÓN |
| Ubicación |
ES-MaACL |
| Número de control de estantería |
R-623 |
| Nota libre |
- Enc. hol. |
| Encuadernación |
Olim: D-3991 |
| 856 ## - LOCALIZACIÓN Y ACCESO ELECTRÓNICOS |
| Identificador Uniforme de Recursos |
<a href="http://www.europeana.eu/portal/es/search?f%5BTYPE%5D%5B%5D=TEXT&q=La+chiave+del+gabinetto+">http://www.europeana.eu/portal/es/search?f%5BTYPE%5D%5B%5D=TEXT&q=La+chiave+del+gabinetto+</a> |
| Nota pública |
Europeana |